| 000 | 00561nam a2200193Ia 4500 | ||
|---|---|---|---|
| 008 | 140529s9999 xx 000 0 und d | ||
| 020 | _a9781437703368 | ||
| 050 |
_aRC 78 _b.M243r 2011 |
||
| 100 | _aMcQuillen-Martensen, Kathy. | ||
| 245 |
_aRadiographic image analysis / _cKathy McQuillen Martensen |
||
| 250 | _a3rd ed. | ||
| 260 |
_aSt. Louis, Mo. : _bSaunders/Elsevier, _cc2011. |
||
| 300 |
_a582 p. : _bill. ; _c29 cm. |
||
| 500 | _aIncludes index. | ||
| 521 | _aGE | ||
| 650 |
_aRadiography _xMethods. |
||
| 942 |
_kFOR _cBK |
||
| 999 |
_c117585 _d117585 |
||